| 000 | 01384nam a2200313 c 4500 | ||
|---|---|---|---|
| 999 |
_c87617 _d87617 |
||
| 003 | BLK | ||
| 005 | 20211013113706.0 | ||
| 008 | 180408b bul|||||r ||||||| ||bul|| | ||
| 010 | _aKNG00092262000 | ||
| 040 | _aBLK | ||
| 041 |
_aBUL _cBUL |
||
| 080 |
_aФренска литература _b821.133.1 _x-1 _z821.133.1-1 |
||
| 139 |
_aТрима френски поети _bТ 83 |
||
| 245 | 1 | 0 |
_aТрима френски поети _bШарл Бодлер, Пол Верлен, Артюр Рембо _cподб. и прев. Кирил Кадийски. |
| 257 | _aRUS | ||
| 260 |
_bНар. култура _c1978 _fСофия : ДПК Д. Благоев |
||
| 300 |
_a188 с., 3 л. портр. _c16 см |
||
| 380 | _aX | ||
| 490 |
_aБиблиотека Панорама _v№ 97 _9201932 |
||
| 490 |
_aСерия Поезия _v№ 6 _9204430 |
||
| 500 | _aБез сведение за ориг. загл. - Съдържа и Шарл Бодлер - живот в дати ; Пол Верлен - живот в дати ; Артюр Рембо - живот в дати. | ||
| 653 | _aстихотворения | ||
| 700 | 1 |
_aКадийски, Кирил _eподб. и прев. _9363853 |
|
| 852 | _aЦб І 16961 | ||
| 856 | 4 | _qpdf | |
| 856 | 4 | _qpdf | |
| 942 |
_cKNG _n0 _02 _s1 |
||
| 944 |
_aCR _c27.10.2009 _lф / _kЛюдмила_Стоянова |
||
| 944 |
_aED _c14.01.2010 _lф / |
||
| 999 | _d87617 | ||
| 999 | _d87617 | ||